000 01096nam a2200241 a 4500
001 55581
003 BD-RjUL
005 20211209080302.0
008 161120s1973 bg ||||| |||| 00| 0 ben d
020 _c: TK 40.00
035 _a(BD-RjUL)55704
040 _aBD-RjUL
_bben
_cBD-RjUL
041 _aben
082 _223
_a954.9205
_bMOS 1973
100 1 _aমোহাম্মদ, শাহজাহান বিন্
_9165578
245 1 0 _aশেখ মুজিব ও বাংলাদেশ /
_cশাহজাহান বিন মোহাম্মদ ও কাজী লতিফুর রহমান
260 _aঢাকা :
_bপ্রভিন্সিয়াল বুক ডিপু লিঃ ,
_c১৯৭৩
300 _a[১০], ৭৫৬, [১] পৃ. :
_bচিত্র ;
_c২১ সেমি.
650 _aমুক্তিযুদ্ধ
_zবাংলাদেশ
_9165579
650 _aLiberation War
_zBangladesh
_9165580
700 _aরহমান, কাজী লতিফুর, যুগ্ম লেখক
_9240730
942 _2ddc
_cBK
999 _c55581
_d55581